000 01008nam a2200301 ib4500
001 C2-0338729
003 PPAK
005 20200715144345.0
008 161116s2015 my ao j a 0 bmay d
020 _a9789674303211
_qpaperback
040 _aPPAK
_beng
_cPPAK
_erda
082 0 4 _a797.24092
_223
090 0 0 _a796.092
_bIND
_dK
090 2 0 _a797.24092
_bIND
_dK
100 1 _aIndovina, Shaina,
_d1988-
_eauthor.
245 1 0 _aPandelela Rinong /
_cSHAINA INDOVINO ; Penterjemah Ani Izzuani Mohd Kassim
264 1 _aKuala Lumpur :
_bInstitut Terjemahan & Buku Malaysia Berhad ,
_c2015
300 _a31 pages :
_bcolour illustrations, colour photographs ;
_c28 cm
336 _2rdacontent
_atext
337 _2rdamedia
_aunmediated
338 _2rdacarrier
_avolume
490 1 _aJAGUH ATLET MALAYSIA
600 0 0 _aPandelela Rinong Pamg,
_d1993-
650 1 0 _aDivers
_vBiography
_zMalaysia
700 0 _aAni Izzuani Mohd Kassim,
_etranslator.
830 0 _aJaguh atlet Malaysia
942 _cB
_2ddc
999 _c136022
_d136022